000
00299nam a2200121Ia 4500
008
220216s9999 xx 000 0 und d
100
_a
Adhikary Abhijit
245
0
_a
Effect of modified CB on NR and SBR
260
_b
Rubber World
_c
2009
300
_a
35-46
650
_a
Rubber matrix
942
_c
JS
999
_c
57964
_d
57964